• 首页
  • 本馆介绍
  • 公告通知
  • 最新文献
  • 馆藏检索
  • 电子资源
  • 读者导购
  • 参考咨询
  • 我的图书馆
  • 登录
  • 详细信息显示
  • 放入我的书架
  • 预约/预借图书
  • 作者相关作品
  • 分类相关作品
  • 丛书相关作品
  • 出版社相关作品

书目信息

  • 表格格式
  • 工作单格式
  • 卡片格式
题名:
DNA
    
 
作者: 沃森 , 贝瑞 著 ;陈雅云 译
分册:  
出版信息: 上海   上海人民出版社  2011.08
页数: 320页
开本: 26cm
丛书名: 世纪人文系列丛书
单 册:
中图分类: Q523
科图分类:
主题词: 脱氧核糖核酸
电子资源:
ISBN: 978-7-208-06911-4
000 01157oam2 2200313 450
001 010030024661
005 20140611152400.85
010    @a978-7-208-06911-4@dCNY78.00
100    @a20110907d2011 em y0chiy50 ea
101 1  @achi@ceng
102    @aCN@b310000
105    @aa z 000yy
106    @ar
200 1  @aDNA@e生命的秘密@dDNA@ethe secret of life@f(美)詹姆斯·沃森(James D. Watson),(美)安德鲁·贝瑞(Andrew Berry)著@g陈雅云译@zeng
210    @a上海@c上海人民出版社@d2011.08
215    @a320页@c图,照片@d26cm
225 2  @a世纪人文系列丛书@i开放人文
306    @a经台湾时报文化出版企业股份有限公司授权
330    @a本书共分十三章,内容包括遗传学的起源:从孟德尔到希特勒;双螺旋:生命之所在;解读密码:DNA问世;扮演上帝:订制DNA分子等。
462  0 @12001 @a开放人文
510 1  @aDNA@ethe secret of life@zeng
517 1  @a生命的秘密@9sheng ming de mi mi
606 0  @a脱氧核糖核酸
690    @aQ523@v4
701  0 @c(美)@a沃森@9wo sen@c(Watson, James D.@f1928-)@4著
701  0 @c(美)@a贝瑞@9bei rui@c(Berry, Andrew)@4著
702  0 @a陈雅云@9chen ya yun@4译
801  0 @aCN@bRENTIAN@c20110907
905    @b549015-17@dQ523@e206@f3
    
    DNA:生命的秘密=DNA:the secret of life/(美)詹姆斯·沃森(James D. Watson),(美)安德鲁·贝瑞(Andrew Berry)著/陈雅云译.-上海:上海人民出版社,2011.08
    320页:图,照片;26cm.-(世纪人文系列丛书.开放人文)
    
    
    ISBN 978-7-208-06911-4:CNY78.00
    本书共分十三章,内容包括遗传学的起源:从孟德尔到希特勒;双螺旋:生命之所在;解读密码:DNA问世;扮演上帝:订制DNA分子等。
●
相关链接 在E读中查询图书 在五车中查询图书 在当当中查询图书 在豆瓣中查询图书


正题名:DNA     索取号:Q523/206         预约/预借

序号 登录号 条形码 馆藏地/架位号 状态 备注
1 549015   205490155   第二样本阅览室/ [索取号:Q523/206] 在馆    
2 549016   205490164   密集书库-生命科学系/ [索取号:Q523/206] 在馆    
3 549017   205490173   第三借阅区/ [索取号:Q523/206] 已借出,限还日期为2025.05.05
借出人:李华伟  
 
唐山师范学院图书馆 欢迎您!
大连网信软件有限公司© 版权所有